Super Mario de A à Z - Statistiques

Statistiques générales
  • Ce quiz a été pris 178 fois
  • Le résultat moyen est 9 sur 26
Statistiques - réponses
Lettre Indice Réponse % Correct
E Mario doit généralement en collecter 120. Étoile
85%
B Mario le casse en sautant dessus. Bloc
84%
W Rival de Mario Wario
79%
D Premier ennemi de Mario Donkey Kong
78%
Y Monture de Mario Yoshi
77%
H Vigie et mère des étoiles Harmonie
76%
L Personnage qui donne le départ des courses Lakitu
71%
C Objet permettant à Mario de se transformer en chat. Clochette
51%
M Arme de Mario dans la série Paper Mario et Mario & Luigi. Marteau
50%
P Transformation de Toadette dans New. Super Mario Bros. U Deluxe. Peachette
36%
O Vaisseau spatial ressemblant à un chapeau Odyssée
29%
S Royaume d'origine de Daisy Sarasaland
29%
Z Type d'Etoile que Bowser donne au joueur dans les Mario Party Z
28%
K Sbires de Bowser. Koopalings
23%
A Transformation permettant à Mario de voler et de s'accrocher sur certains murs. Abeille
21%
X Champignon alien Xhampi
17%
I Célèbre Kart depuis Mario Kart DS Intrépide
13%
N Peuple vivant dans une baie de l'île Delphino. Noki
11%
T Petit papillon arc-en-ciel qui accompagne Mario Tippi
9%
U Petit singe farceur Ukiki
8%
V Monstre sphérique qui aime pousser dans la lave Voyou
8%
G Dragon que Mario affronte sur une planète lointaine. Gargantulus
7%
J Statue dorée que Mario chevauche. Jaxi
7%
R Fantôme métamorphe qui cache son prénom. Rumpel
6%
F Boss final ressemblant à une épée Forgeroi
3%
Q Perroquet de la série Donkey Kong Country Quaks
1%
Aucun quiz correspondant
Distribution des résultats
% des personnes avec chaque résultat
Percentile par nombre de réponses
Votre historique - résultats
Vous n’avez pas pris ce quiz